ბათუმის შოთა რუსთაველის სახელმწიფო უნივერსიტეტის ბიბლიოთეკა

კრიალოსანი (ბიბ.ჩანაწერი № 48662)

000 -LEADER
fixed length control field 00746nam a2200229Ia 4500
001 - CONTROL NUMBER
control field 15562
003 - CONTROL NUMBER IDENTIFIER
control field GE_BSU
008 - FIXED-LENGTH DATA ELEMENTS--GENERAL INFORMATION
fixed length control field 181216s||||||||xx |||||||||||||| ||und||
040 ## - CATALOGING SOURCE
Transcribing agency GE_BSU
080 ## - UNIVERSAL DECIMAL CLASSIFICATION NUMBER
Universal Decimal Classification number 821.353.1-1
100 ## - MAIN ENTRY--PERSONAL NAME
Personal name ცინცაძე, ეპიფანე
245 ## - TITLE STATEMENT
Title კრიალოსანი
245 ## - TITLE STATEMENT
Remainder of title ლექსები
245 ## - TITLE STATEMENT
Statement of responsibility, etc. წინასიტყვ. მ. ლებანიძისა. რედ. მ. ლებანიძე. მხატვ.სპ.ცინცაძე
260 ## - PUBLICATION, DISTRIBUTION, ETC.
Place of publication, distribution, etc. თბილისი
260 ## - PUBLICATION, DISTRIBUTION, ETC.
Name of publisher, distributor, etc. მერანი
260 ## - PUBLICATION, DISTRIBUTION, ETC.
Date of publication, distribution, etc. 1971
300 ## - PHYSICAL DESCRIPTION
Extent 90გვ. ; 18სმ
653 ## - INDEX TERM--UNCONTROLLED
Uncontrolled term კრიალოსანი
653 ## - INDEX TERM--UNCONTROLLED
Uncontrolled term ლექსები
942 ## - ADDED ENTRY ELEMENTS (KOHA)
Koha item type წიგნი
ეგზემპლარები
Withdrawn status Lost status Damaged status Not for loan Date acquired Barcode Date last seen Price effective from Koha item type
        2018-12-17 38775 2018-12-17 2018-12-17 წიგნი